000 00507nam a2200193Ia 4500
999 _c10421
_d10421
003 OSt
005 20191228123140.0
008 190216s9999||||xx |||||||||||||| ||und||
020 _a8121904323
040 _coclc
082 _a330
_bAHU/M
100 _aAhuja, H L
_9470
245 0 _aModern Economics /
_cH L Ahuja
250 _a9th ed.
260 _bS Chand & Company,
_c1999.
_aNew Delhi:
300 _a546p
650 _aEconomics
942 _cBK
_2ddc
_h330
_iAHU/M
_k330
_mAHU/M